[Event "ITA-chT (Women)"]
[Site "Bacoli"]
[Date "2023.04.28"]
[Round "3.4"]
[White "Scarpa, Claudia"]
[Black "Vecchione, Anna Pia"]
[Result "0-1"]
[WhiteElo "1731"]
[BlackElo "1793"]
[PlyCount "36"]
[EventDate "2023.04.25"]
[EventType "team-tourn"]
[EventRounds "7"]
[EventCountry "ITA"]
[SourceTitle "CBM 214 Extra"]
[Source "ChessBase"]
[SourceDate "2023.07.31"]
[SourceVersion "1"]
[SourceVersionDate "2023.07.31"]
[SourceQuality "1"]

1. e4 c5 2. e5 d6 3. f4 Nc6 4. Nf3 Bg4 5. Bb5 Qb6 6. Bxc6+ Qxc6 7. 0-0 g6 8. d3 Bg7 9. Qe1 0-0-0 10. Nbd2 h5 11. Nh4 Nh6 12. e6 Bxe6 13. Nxg6 Rhe8 14. Nf3 Nf5 15. Ng5 Bd4+ 16. Rf2 Bd5 17. c4 Bxg2 18. Ne4 Bh3 0-1

[Event "Olbia CIG U16 24th"]
[Site "Olbia"]
[Date "2016.07.01"]
[Round "8"]
[White "Vecchione, Anna Pia"]
[Black "Di Benedetto, Desiree"]
[Result "0-1"]
[WhiteElo "1877"]
[BlackElo "2142"]
[PlyCount "79"]
[EventDate "2016.06.26"]
[EventType "swiss"]
[EventRounds "9"]
[EventCountry "ITA"]
[SourceTitle "EXT 2024"]
[Source "ChessBase"]
[SourceDate "2023.10.10"]
[SourceVersion "1"]
[SourceVersionDate "2023.10.10"]
[SourceQuality "1"]

1. e4 e6 2. d4 d5 3. Nc3 Nf6 4. Bg5 Be7 5. e5 Nfd7 6. h4 h6 7. Bxe7 Qxe7 8. f4 a6 9. Nf3 c5 10. Qd2 Nc6 11. 0-0-0 cxd4 12. Nxd4 Qb4 13. g4 Nc5 14. Bg2 Bd7 15. Rhe1 0-0-0 16. Qe3 Qa5 17. a3 Nxd4 18. Rxd4 Bc6 19. Red1 Nd7 20. Na2 Bb5 21. Nb4 Kb8 22. Kb1 Rc8 23. Bh3 Qc7 24. Qc1 Nc5 25. Bf1 Bxf1 26. Rxf1 Qb6 27. Qe3 a5 28. Nd3 Na4 29. Re1 Nc3+ 30. Kc1 Nb5 31. Ra4 Qc6 32. Qf2 b6 33. Rf1 Rc7 34. f5 Rhc8 35. Ne1 d4 36. Kd1 Nc3+ 37. bxc3 Qxa4 38. cxd4 Rd7 39. d5 Rxd5+ 40. Nd3 0-1

[Event "Olbia CIG U16 24th"]
[Site "Olbia"]
[Date "2016.06.30"]
[Round "7"]
[White "Vecchione, Anna Pia"]
[Black "Manguerra, Lyn Jane"]
[Result "1-0"]
[WhiteElo "1877"]
[BlackElo "1629"]
[PlyCount "111"]
[EventDate "2016.06.26"]
[EventType "swiss"]
[EventRounds "9"]
[EventCountry "ITA"]
[SourceTitle "EXT 2024"]
[Source "ChessBase"]
[SourceDate "2023.10.10"]
[SourceVersion "1"]
[SourceVersionDate "2023.10.10"]
[SourceQuality "1"]

1. e4 c5 2. Nf3 Nc6 3. d4 cxd4 4. Nxd4 Nf6 5. Nc3 e5 6. Ndb5 d6 7. Bg5 a6 8. Na3 b5 9. Nd5 Be7 10. Bxf6 Bxf6 11. c4 b4 12. Nc2 a5 13. g3 0-0 14. Bg2 Bg5 15. 0-0 Ne7 16. Nce3 Bxe3 17. Nxe3 Be6 18. Qd3 Qc7 19. b3 Rad8 20. Rad1 Nc6 21. f4 f6 22. Nd5 Qa7+ 23. Kh1 Nd4 24. Ne3 Qe7 25. Nc2 Nc6 26. f5 Bf7 27. Rd2 Kh8 28. Rfd1 Nb8 29. Ra1 Nc6 30. a3 Qc7 31. axb4 Nxb4 32. Nxb4 axb4 33. Ra4 Qb6 34. Rda2 Bh5 35. Qd2 Qc5 36. h3 Rb8 37. g4 Bf7 38. Ra5 Qc7 39. Ra7 Qd8 40. R2a6 Rb6 41. Rxb6 Qxb6 42. Rd7 Qa6 43. Qxd6 Qa1+ 44. Kh2 Ra8 45. Rxf7 h6 46. Rf8+ Rxf8 47. Qxf8+ Kh7 48. Qxb4 Qc1 49. Qc5 Qf4+ 50. Kh1 Qc1+ 51. Qg1 Qc3 52. c5 Qxb3 53. Qc1 Qb8 54. c6 Qc7 55. Qc5 Qd8 56. c7 1-0